History Quiz

Random History or Politics Quiz

People on U.S. Paper Currency Quiz Stats

 Plays Quiz Updated May 31, 2019

Score 0/7 Timer 01:00
0 Plays Today
Person on Bill % Correct
George Washington ($1)
99.4%
Abraham Lincoln ($5)
97.3%
Benjamin Franklin ($100)
90.6%
Thomas Jefferson ($2)
87.1%
Andrew Jackson ($20)
80.6%
Ulysses S. Grant ($50)
75.5%
Alexander Hamilton ($10)
74%

You're not logged in!

Compare scores with friends on all Sporcle quizzes.
OR
Log In

Sporcle TV

Today on Sporcle TV


Watch our educational content, quiz creation guides, and fun videos on Sporcle TV.

Show Comments

Extras

Top Quizzes Today


Score Distribution

Your Account Isn't Verified!

In order to create a playlist on Sporcle, you need to verify the email address you used during registration. Go to your Sporcle Settings to finish the process.

Report this User

Report this user for behavior that violates our Community Guidelines.

Details: